000
00338nam a2200145Ia 4500
005
20251222152722.0
008
251222s9999||||xx |||||||||||||| ||spa||
020
_a
8423924599
082
_a
337/T18
100
_a
Tamames, Ramón
245
0
_a
Un Nuevo Orden Mundial
250
_a
1ra.ed.
264
_b
Espasa Calpe, S.A.
942
_c
LIB
999
_c
29612
_d
29612